<?xml version='1.0' encoding='UTF-8'?>
  <record xmlns="http://www.loc.gov/MARC21/slim">
    <leader>00000cam a22000007i 4500</leader>
    <controlfield tag="001">ocm69063220</controlfield>
    <controlfield tag="003">OCoLC</controlfield>
    <controlfield tag="005">20250822153636.4</controlfield>
    <controlfield tag="008">960118s1637    ne            000 0 dut d</controlfield>
    <datafield tag="040" ind1=" " ind2=" ">
      <subfield code="a">NLGGC</subfield>
      <subfield code="b">dut</subfield>
      <subfield code="e">fobidrtb</subfield>
      <subfield code="c">NLGGC</subfield>
    </datafield>
    <datafield tag="029" ind1="0" ind2=" ">
      <subfield code="a">NLGGC</subfield>
      <subfield code="b">144431793</subfield>
    </datafield>
    <datafield tag="035" ind1=" " ind2=" ">
      <subfield code="a">(OCoLC)69063220</subfield>
    </datafield>
    <datafield tag="245" ind1="0" ind2="0">
      <subfield code="a">Borghemeesteren ende Raedt in Groeningen doen te weten allen den gheenen soo desen sullen lesen ofte hooren lesen, saluyt. Alsoo wy verstaen hebben dat de Mennoniten sulden geholden hebben, ende noch onderstaen te holden op diverse plaetsen in dese stadt, ende der selver jurisdicten vergaderinghen ende conventiculen ...</subfield>
    </datafield>
    <datafield tag="260" ind1=" " ind2=" ">
      <subfield code="a">Groningen,</subfield>
      <subfield code="c">[1637]</subfield>
    </datafield>
    <datafield tag="300" ind1=" " ind2=" ">
      <subfield code="a">1 bl. (1-zijdig bedr.) ;</subfield>
      <subfield code="c">plano.</subfield>
    </datafield>
    <datafield tag="336" ind1=" " ind2=" ">
      <subfield code="a">tekst</subfield>
      <subfield code="b">txt</subfield>
      <subfield code="2">rdacontent/dut</subfield>
    </datafield>
    <datafield tag="337" ind1=" " ind2=" ">
      <subfield code="a">zonder medium</subfield>
      <subfield code="b">n</subfield>
      <subfield code="2">rdamedia/dut</subfield>
    </datafield>
    <datafield tag="338" ind1=" " ind2=" ">
      <subfield code="a">band</subfield>
      <subfield code="b">nc</subfield>
      <subfield code="2">rdacarrier/dut</subfield>
    </datafield>
    <datafield tag="500" ind1=" " ind2=" ">
      <subfield code="a">Plakkaat tegen vergaderingen en conventikels van Mennonieten, die volgelingen zijn van Uko Wallis te Noordbroek. Ondertekend: D.I. Birza.</subfield>
    </datafield>
    <datafield tag="500" ind1=" " ind2=" ">
      <subfield code="a">Dagtekening: Den 8 Aprilis 1637.</subfield>
    </datafield>
    <datafield tag="510" ind1="0" ind2=" ">
      <subfield code="a">Plakkaten van stad en lande, door J. de Bruijn (Plakkaat nr. 461)</subfield>
    </datafield>
    <datafield tag="510" ind1="0" ind2=" ">
      <subfield code="a">Van Someren 662</subfield>
    </datafield>
    <datafield tag="710" ind1="2" ind2=" ">
      <subfield code="a">? (s.l. [Groningen])</subfield>
      <subfield code="4">prt</subfield>
    </datafield>
    <datafield tag="776" ind1="0" ind2=" ">
      <subfield code="t">Borghemeesteren ende Raedt in Groeningen doen te weten allen den gheenen soo desen sullen lesen ofte hooren lesen, saluyt. Alsoo wy verstaen hebben dat de Mennoniten sulden geholden hebben, ende noch onderstaen te holden op diverse plaetsen in dese stadt, ende der selver jurisdicten vergaderinghen ende conventiculen ...</subfield>
      <subfield code="w">(NL-LeOCL)426093437</subfield>
    </datafield>
    <datafield tag="936" ind1=" " ind2=" ">
      <subfield code="a">BATCHLOAD</subfield>
    </datafield>
  </record>